| 000 | 00506nam a2200169Ia 4500 | ||
|---|---|---|---|
| 003 | OSt | ||
| 005 | 20210104151135.0 | ||
| 008 | 190216s9999||||xx |||||||||||||| ||und|| | ||
| 040 | _coclc | ||
| 082 |
_a541.37 _bGLA/I |
||
| 100 |
_aGlasstone, Samuel _94184 |
||
| 245 | 0 |
_aAn Introduction To Electrochemistry / _cSamuel Glasstone |
|
| 260 |
_bAffiliated East West Press, _c1942. _aNew Delhi: |
||
| 300 | _a557p | ||
| 650 | _aChemistry | ||
| 942 |
_cBK _2ddc _h541.37 _iGLA/I _k541.37 _mGLA/I |
||
| 999 |
_c2795 _d2795 |
||